[Event "Cuenca Crespi Memorial"]
[Site "Cuenca"]
[Date "2024.04.26"]
[Round "6"]
[White "Ochoa Simisterra, Abraham David"]
[Black "Paute Arizaga, Angel Samuel"]
[Result "1-0"]
[WhiteElo "1786"]
[BlackElo "1678"]
[PlyCount "64"]
[EventDate "2024.04.24"]
[EventType "swiss"]
[EventRounds "9"]
[EventCountry "ECU"]
[SourceTitle "EXT 2025"]
[Source "ChessBase"]
[SourceDate "2024.10.14"]
[SourceVersion "1"]
[SourceVersionDate "2024.10.14"]
[SourceQuality "1"]

1. e4 e5 2. d4 exd4 3. Nf3 d6 4. Bc4 Be7 5. 0-0 Nf6 6. Re1 0-0 7. Nxd4 Nc6 8. Nc3 Ne5 9. Bf1 h5 10. Bg5 Nfg4 11. Bxe7 Qxe7 12. h3 Nf6 13. f4 Ng6 14. Qd2 h4 15. Qf2 Nh5 16. Nd5 Qd8 17. Be2 Ng3 18. Bd3 c6 19. Nc3 Qf6 20. Nde2 Nxe2+ 21. Nxe2 Qxb2 22. e5 dxe5 23. f5 Nf4 24. Nxf4 exf4 25. Qxf4 Qf6 26. Rab1 g5 27. Qe5 Kg7 28. Qc7 Bxf5 29. Rxb7 Rae8 30. Qa5 Bxd3 31. cxd3 c5 32. Rd7 a6 1-0